000 00697cab a2200217 4500
001 WB2305-50
008 090401t1987 xxu||||| |||| 00| 0 eng d
035 _a(Sirsi) u1135
041 _aeng
245 _aFunds favour unitisation
260 _c1987
350 _a0
490 _aChartered Surveyor Weekly
_v18(4) 29 January 1987, 13
490 _aTimes
_v29 January 1987, 24(1)
520 _aA Valin Pollen survey of 200 institutional investment funds commissioned by Richard Ellis and County Bank suggests an increasing willingness to invest in unitised property.
650 _aPINCS
650 _aUNITISATION
690 _aPROPERTY LAW AND PRACTICE
942 _n0
948 _c04/03/1997
999 _c620
_d620